| 000 | 00417nam a22001697a 4500 | ||
|---|---|---|---|
| 003 | MACL | ||
| 005 | 20151223172320.0 | ||
| 008 | 151223b xxu||||| |||| 00| 0 eng d | ||
| 040 | _cMACL | ||
| 041 | _aEnglish | ||
| 082 | _a300/BHA | ||
| 100 |
_aBhatia Nandi _922621 |
||
| 245 | _aPerforming Women Perfoming Womenhood | ||
| 260 |
_aNew Delhi _bOxfard University _c2010 |
||
| 650 |
_awomen _922622 |
||
| 942 |
_2ddc _cBK |
||
| 999 |
_c51791 _d51791 |
||